[Event "GER-chT Youth Countries 2018"]
[Site "Wurzburg"]
[Date "2018.10.06"]
[Round "6"]
[White "Moenster, Madita"]
[Black "Musiolik, David"]
[Result "1-0"]
[WhiteElo "1817"]
[BlackElo "2057"]
[Annotator "NA RC"]
[PlyCount "66"]
[EventDate "2018.10.03"]
[EventType "team-tourn"]
[EventCountry "GER"]
[SourceTitle "playchess.com"]
[Source "ChessBase"]
[SourceQuality "1"]
[TimeControl "40/5400+30:1800+30"]

{[%evp 15,66,19,14,25,22,0,0,0,87,75,77,67,81,67,79,63,81,75,56,59,60,33,44,20,53,-105,-111,-68,-25,-48,66,54,68,39,32767,32767,32767,32767,32767,32767,32767,32767,32767,32767,32767,32767,32767,32767,29989,29973,32767,1472,29998]} 1. e4 {[%emt 0:00:00]} e6 {[%emt 0:00:00]} 2. d4 {[%emt 0:00:00]} d5 {[%emt 0:00:00]} 3. Nc3 {[%emt 0:00:00]} Nf6 {[%emt 0:00:00]} 4. e5 {[%emt 0:00:02]} Nfd7 {[%emt 0:00:00]} 5. f4 {[%emt 0:00:17]} c5 {[%emt 0:00:00]} 6. Nf3 {[%emt 0:00:17]} Nc6 {[%emt 0:00:20]} 7. Be3 {[%emt 0:00:35]} cxd4 {[%emt 0:03:12]} 8. Nxd4 {[%emt 0:04:58] LiveBook: 2066 Games} Bc5 {[%emt 0:00:07]} 9. Qd2 {[%emt 0:06:24]} a6 {[%emt 0:14:49]} 10. Nb3 {[%emt 0:20:00] C11: Französische Verteidigung} (10. O-O-O O-O 11. Qf2 Bxd4 12. Bxd4 b5 13. Be3 b4 14. Na4 a5 15. h4 Ba6 16. h5 Qc7 17. h6 g6 18. g4 Bxf1 19. Rhxf1 f5 20. exf6 Nxf6 {1-0 (35) Volokitin,A (2677)-Dizdar,G (2509) Austria 2017}) 10... Bxe3 {[%emt 0:08:30]} 11. Qxe3 {[%emt 0:00:16]} f6 {[%emt 0:03:03] [#]} (11... Ndxe5 $11 {keeps the balance.} 12. fxe5 d4 13. Nxd4 Qxd4 14. Qxd4 Nxd4) 12. exf6 $1 {[%emt 0:02:54]} Nxf6 {[%emt 0:00:14]} 13. O-O-O {[%emt 0:03:57]} O-O {[%emt 0:01:16]} 14. Kb1 $146 {[%emt 0:05:28]} ({Vorgänger:} 14. Be2 Qd6 15. Bf3 Bd7 16. g3 Rac8 17. Rhe1 b5 {1-0 (59) Masberg,S (2099)-Weyh,T (1980) Germany 2009}) 14... b5 {[%emt 0:07:15]} 15. g3 {[%emt 0:04:46]} Na5 {[%emt 0:10:37]} 16. Nxa5 {[%emt 0:08:22]} Qxa5 {[%emt 0:00:05]} 17. Bh3 {[%emt 0:01:38]} Re8 {[%emt 0:01:45]} 18. Rhe1 {[%emt 0:02:36]} Bd7 {[%emt 0:08:33]} 19. Qf3 {[%emt 0:03:28]} Rac8 {[%emt 0:07:49]} 20. g4 $2 {[%emt 0:21:16]} (20. f5 $14 {keeps the upper hand.}) 20... b4 {[%emt 0:13:07]} 21. Ne2 {[%emt 0:00:59]} Qb6 {[%emt 0:02:01]} (21... Ne4 $17 22. Nd4 Rf8) 22. Ng3 {[%emt 0:08:26]} Ba4 ({Better is} 22... Rc3 $11 23. Qe2 Ba4) 23. b3 {[%emt 0:03:34]} Bc6 {[%emt 0:07:24]} 24. Qd3 {[%emt 0:00:53]} Nd7 {[%emt 0:11:44]} 25. g5 {[%emt 0:00:30]} Nc5 {[%emt 0:00:30]} 26. Qd4 {[%emt 0:00:30]} g6 {[%emt 0:00:30]} 27. Bxe6+ {[%emt 0:00:30]} Rxe6 {[%emt 0:00:30]} 28. Rxe6 {[%emt 0:00:30]} Rc7 {[%emt 0:00:30]} 29. f5 {[%emt 0:00:30]} Qb5 {[%emt 0:00:30]} 30. Rd6 {[%emt 0:00:30]} Nb7 {[%emt 0:00:30]} 31. Rf6 {[%emt 0:00:30]} Rg7 {[%emt 0:00:30]} 32. Qe5 {[%emt 0:00:30]} Nd8 {[%emt 0:00:30]} 33. Qd6 $18 {[%emt 0:00:30]} Kh8 {[%emt 0:00:30]} 1-0

[Event "GER-chT Youth Countries 2018"]
[Site "Wurzburg"]
[Date "2018.10.06"]
[Round "6"]
[White "Werner, Denis"]
[Black "Farokhi, Keyvan"]
[Result "1/2-1/2"]
[WhiteElo "1817"]
[BlackElo "1855"]
[Annotator "NA RC"]
[PlyCount "63"]
[EventDate "2018.10.03"]
[EventType "team-tourn"]
[EventCountry "GER"]
[SourceTitle "playchess.com"]
[Source "ChessBase"]
[SourceQuality "1"]
[TimeControl "40/5400+30:1800+30"]

{[%evp 13,59,-8,0,4,-4,-6,0,0,9,-4,18,8,24,8,0,0,10,12,0,17,13,-6,-9,-10,41,26,19,1,40,46,35,45,41,39,41,6,8,11,50,40,57,48,46,62,64,0,27,0]} 1. e4 {[%emt 0:00:04]} e5 {[%emt 0:00:00]} 2. Nf3 {[%emt 0:00:30]} Nc6 {[%emt 0:00:00]} 3. Nc3 {[%emt 0:00:44]} Nf6 {[%emt 0:00:19]} 4. d4 {[%emt 0:01:06]} exd4 {[%emt 0:00:28]} 5. Nxd4 {[%emt 0:00:44]} Bb4 {[%emt 0:00:20]} 6. Nxc6 {[%emt 0:01:28]} bxc6 {[%emt 0:00:31]} 7. Bd3 {[%emt 0:01:32]} d5 {[%emt 0:00:54]} 8. exd5 {[%emt 0:01:59]} cxd5 {[%emt 0:00:49]} 9. O-O {[%emt 0:02:14]} O-O {[%emt 0:00:09]} 10. Bg5 {[%emt 0:01:28]} c6 {[%emt 0:00:13]} 11. Qf3 {[%emt 0:01:25]} ({But not} 11. Bxf6 Qxf6 12. Ne2 Bd6 $17) 11... Be7 {[%emt 0:00:23]} 12. h3 {[%emt 0:02:31]} Rb8 {[%emt 0:02:38]} 13. Na4 {[%emt 0:02:32] C47: Scotch Four Knights and Four Knights with 4 g3} ({Of course not} 13. Bxf6 Bxf6 14. Rab1 Qd6 $17) 13... h6 {[%emt 0:06:36]} 14. Bf4 {[%emt 0:03:32]} Bd6 {[%emt 0:00:25] LiveBook: 3 Games} 15. Bxd6 {[%emt 0:01:56]} (15. b3 Be6 16. Rad1 c5 17. Nc3 d4 18. Ne4 Bxf4 19. Qxf4 Nxe4 20. Qxe4 {1-0 (78) Werner,D (1772)-Farokhi,K (1845) Willingen 2018}) 15... Qxd6 {[%emt 0:00:03]} 16. b3 {[%emt 0:02:27]} Be6 {[%emt 0:05:04]} 17. Nc3 $146 {[%emt 0:02:46]} ({Predecessor:} 17. Qe3 d4 18. Qg3 Qxg3 19. fxg3 Nd5 20. Nc5 Rbd8 {1-0 (47) Gajek,R (2434)-Binder,M (2143) Vienna 2016}) 17... c5 {[%emt 0:13:56]} 18. Rad1 {[%emt 0:05:25]} d4 {[%emt 0:12:56]} 19. Ne4 {[%emt 0:09:15]} Nxe4 {[%emt 0:00:23]} 20. Qxe4 {[%emt 0:01:37]} f5 {[%emt 0:00:44]} 21. Qe2 {[%emt 0:02:21]} Rbe8 {[%emt 0:02:20]} 22. Bb5 {[%emt 0:04:15]} Re7 {[%emt 0:05:26]} 23. Rfe1 {[%emt 0:03:39]} Rff7 {[%emt 0:05:21]} 24. Bc4 {[%emt 0:04:36]} Bxc4 {[%emt 0:05:46]} 25. Qxc4 {[%emt 0:03:13]} Kf8 {[%emt 0:00:43]} 26. b4 {[%emt 0:03:42]} Rxe1+ {[%emt 0:06:51]} 27. Rxe1 {[%emt 0:00:42]} Re7 {[%emt 0:03:04]} 28. Rxe7 {[%emt 0:03:29]} Qxe7 {[%emt 0:00:03]} 29. Kf1 {[%emt 0:06:04]} (29. bxc5 $16 Qe1+ 30. Qf1) 29... cxb4 {[%emt 0:02:34]} 30. Qc8+ $11 {[%emt 0:00:42]} Kf7 31. Qxf5+ Qf6 32. Qc8 1/2-1/2

[Event "GER-chT Youth Countries 2018"]
[Site "Wurzburg"]
[Date "2018.10.06"]
[Round "6"]
[White "Fock, Amina"]
[Black "Doll, Rebecca"]
[Result "0-1"]
[WhiteElo "1816"]
[BlackElo "1722"]
[Annotator "NA RC"]
[PlyCount "52"]
[EventDate "2018.10.03"]
[EventType "team-tourn"]
[EventCountry "GER"]
[SourceTitle "playchess.com"]
[Source "ChessBase"]
[SourceQuality "1"]
[TimeControl "40/5400+30:1800+30"]

{[%evp 11,49,0,0,-83,-89,-109,-67,-109,-56,-93,-41,-93,-52,-75,-58,-75,-14,-129,-104,32767,-93,-154,-136,-171,-216,-242,-200,-320,-324,-299,-354,-342,-363,-442,-488,-859,-1066,-843,-980,-1663]} 1. e4 {[%emt 0:00:00]} e5 {[%emt 0:00:00]} 2. Nf3 {[%emt 0:00:00]} Nc6 {[%emt 0:00:00]} 3. Bb5 {[%emt 0:00:00]} a6 {[%emt 0:00:00]} 4. Ba4 {[%emt 0:00:00]} d6 {[%emt 0:00:00]} 5. c3 {[%emt 0:00:52]} f5 {[%emt 0:00:06] [#]} 6. d4 {[%emt 0:09:49] LiveBook: 11 Games} (6. exf5 $1 $16 Bxf5 7. O-O) 6... fxe4 {[%emt 0:00:38]} 7. d5 {[%emt 0:10:18] C74: Ruy Lopez: Deferred Steinitz: 5 c3 f5} (7. Nxe5 $11 {keeps the balance.} dxe5 8. Qh5+ Ke7 9. Bxc6 bxc6 10. Qg5+ (10. Qxe5+ $2 Kf7 $19) 10... Kd7 11. Qf5+ Ke8 12. Qh5+ Ke7 13. Qg5+ Ke8 14. Qh5+ Kd7 15. Qf5+ Ke8 16. Qh5+) (7. Ng5 exd4 8. Nxe4 Nf6 9. Nxf6+ Qxf6 10. O-O Be7 11. cxd4 O-O 12. Be3 Qg6 13. Bc2 Bf5 14. Bxf5 Qxf5 15. Qb3+ {1-0 (25) Caruana,F (2811)-Adhiban,B (2655) chess.com INT 2018}) 7... exf3 {[%emt 0:00:42]} 8. dxc6 {[%emt 0:04:51]} b5 {[%emt 0:02:08]} 9. Bc2 {[%emt 0:01:45]} Bg4 $146 {[%emt 0:12:09]} ({Predecessor:} 9... Nf6 10. Qxf3 Be7 11. Bg5 O-O 12. Nd2 Be6 13. Bxf6 Rxf6 14. Qd3 g6 15. h4 d5 16. Qe3 Qf8 17. Nf3 Bc5 18. Qxe5 Bd6 19. Qd4 Bc5 20. Qe5 Bd6 21. Qd4 {½-½ (21) Lisi,S (1964)-Pompili,U (1843) Viterbo 2009}) 10. g3 {[%emt 0:07:33]} Qf6 {[%emt 0:13:17]} (10... d5 $17 11. h3 Bh5) 11. Be4 {[%emt 0:12:25] [#]} Rd8 {[%emt 0:24:16]} (11... d5 $1 $17 {[%mdl 512]} 12. Qxd5 Rd8) 12. Nd2 {[%emt 0:03:43]} d5 {[%emt 0:01:29]} 13. Bxf3 {[%emt 0:01:24]} Bh3 {[%emt 0:02:46]} 14. Bg4 {[%emt 0:07:31]} (14. Bxd5 $1 $11 Qf5 15. Be4 Rxd2 16. Bxf5 Rxd1+ 17. Kxd1 Bxf5 18. Re1) 14... Bc5 {[%emt 0:03:56] [#]} 15. Bd7+ $1 {[%emt 0:02:57]} Bxd7 {[%emt 0:02:47]} 16. cxd7+ {[%emt 0:00:05]} Rxd7 {[%emt 0:00:40]} 17. Qe2 {[%emt 0:04:24]} (17. O-O $17 {is a better defense.}) 17... Rf7 {[%emt 0:03:36]} 18. O-O {[%emt 0:04:14]} Ne7 {[%emt 0:01:06]} 19. Kg2 {[%emt 0:05:42]} O-O {[%emt 0:02:09]} 20. f3 {[%emt 0:03:42]} Nf5 {[%emt 0:06:53]} 21. Nb3 {[%emt 0:01:54]} Bb6 {[%emt 0:01:17]} 22. a4 {[%emt 0:04:54]} Qg6 {[%emt 0:04:24]} 23. Qxe5 {[%emt 0:03:30]} (23. a5 $142 Ba7 24. f4) 23... Nh4+ {[%emt 0:03:05]} 24. Kh1 {[%emt 0:00:09]} Nxf3 {[%emt 0:01:33]} 25. Qxd5 $19 {[%emt 0:01:38]} c6 {[%emt 0:00:34]} 26. Qd1 {[%emt 0:03:19]} Qe4 0-1

[Event "GER-chT Youth Countries 2018"]
[Site "Wurzburg"]
[Date "2018.10.06"]
[Round "6"]
[White "Metzdorf, Matteo"]
[Black "Weidenhoefer, Max"]
[Result "1-0"]
[WhiteElo "1806"]
[BlackElo "1596"]
[Annotator "NA RC"]
[PlyCount "79"]
[EventDate "2018.10.03"]
[EventType "team-tourn"]
[EventCountry "GER"]
[SourceTitle "playchess.com"]
[Source "ChessBase"]
[SourceQuality "1"]
[TimeControl "40/5400+30:1800+30"]

{[%evp 21,74,51,61,35,92,49,68,74,100,90,106,59,125,87,259,186,232,217,247,244,32767,32767,32767,250,229,234,278,328,344,223,225,243,248,343,375,146,589,629,650,512,32767,32767,32767,32767,32767,32767,650,705,724,796,936,1042,901,1044,1156]} 1. e4 {[%emt 0:00:04]} c6 {[%emt 0:00:00]} 2. d4 {[%emt 0:00:00]} d5 {[%emt 0:00:00]} 3. Nc3 {[%emt 0:00:00]} dxe4 {[%emt 0:00:00]} 4. Nxe4 {[%emt 0:00:00]} Bf5 {[%emt 0:00:00]} 5. Ng3 {[%emt 0:00:00]} Bg6 {[%emt 0:00:02]} 6. Nh3 {[%emt 0:00:00]} e6 {[%emt 0:00:21]} 7. Nf4 {[%emt 0:00:08]} Bd6 {[%emt 0:00:12]} 8. h4 {[%emt 0:00:16]} Qc7 {[%emt 0:00:23]} 9. Nxg6 hxg6 {[%emt 0:00:08]} 10. Ne4 {[%emt 0:00:29] B18: Classical Caro-Kann: 4...Bf5 sidelines} Be7 {[%emt 0:01:36]} (10... Bf4 11. Bxf4 Qxf4 {½-½ (11) Delchev,A (2558)-Jobava,B (2669) Gallipoli 2018}) 11. g3 {[%emt 0:05:06]} Nf6 {[%emt 0:02:35]} 12. Ng5 {[%emt 0:02:28]} Nd5 $146 {[%emt 0:03:04]} (12... O-O $11 {remains equal.}) ({Predecessor:} 12... Nbd7 13. Bg2 Qa5+ 14. c3 Qa6 15. Qb3 O-O 16. Bd2 e5 17. O-O-O exd4 18. cxd4 {½-½ (45) Margolin,B (2398)-Hahn,M (2303) Germany 2015}) 13. c3 {[%emt 0:18:41]} Nd7 {[%emt 0:03:32]} 14. Bg2 {[%emt 0:02:44]} N7f6 {[%emt 0:01:12]} 15. O-O {[%emt 0:05:36]} O-O {[%emt 0:01:37]} 16. Re1 {[%emt 0:05:23]} (16. c4 $16) 16... Rfd8 {[%emt 0:05:17]} (16... c5 $14) 17. Bh3 {[%emt 0:09:02]} Qd6 {[%emt 0:11:47]} (17... c5 $16) 18. Qc2 {[%emt 0:05:41]} Bf8 {[%emt 0:09:04] [#]} 19. Nxf7 $1 {[%emt 0:13:53]} Kxf7 {[%emt 0:02:02]} 20. Bxe6+ {[%emt 0:00:14]} Qxe6 {[%emt 0:00:33]} 21. Rxe6 {[%emt 0:00:06]} Kxe6 {[%emt 0:00:06]} 22. Qxg6 {[%emt 0:00:42]} Ne7 {[%emt 0:01:54]} 23. Qc2 {[%emt 0:04:12]} Kf7 {[%emt 0:01:09]} 24. Qb3+ {[%emt 0:08:57]} Nfd5 {[%emt 0:00:57]} 25. Bg5 {[%emt 0:00:45]} Rd7 {[%emt 0:02:17]} 26. Re1 {[%emt 0:02:47]} Kg8 {[%emt 0:10:04]} 27. c4 {[%emt 0:04:42]} Nb6 {[%emt 0:00:56]} 28. Qe3 {[%emt 0:00:41]} (28. Qc2 $18 {und Weiss behält klar die Oberhand.}) 28... Kh8 $2 {[%emt 0:02:39]} (28... Nf5 {is more resistant.} 29. Qe6+ Rf7) 29. Qe6 {[%emt 0:02:32]} Rc7 {[%emt 0:16:24]} 30. Qf7 {[%emt 0:00:38]} Ned5 {[%emt 0:07:43]} 31. Qh5+ {[%emt 0:00:19]} Kg8 {[%emt 0:00:07]} 32. cxd5 {[%emt 0:00:08]} cxd5 {[%emt 0:00:23]} 33. Qg6 {[%emt 0:01:59]} Rac8 {[%emt 0:01:29]} 34. Re8 {[%emt 0:03:40]} Rxe8 {[%emt 0:01:35]} 35. Qxe8 {[%emt 0:00:06]} Rc8 {[%emt 0:00:05]} 36. Qe6+ {[%emt 0:00:49]} Kh8 {[%emt 0:00:13]} 37. h5 {[%emt 0:00:44]} Rc2 $18 {[%emt 0:01:53]} 38. Qf7 {[%emt 0:00:34]} Rc8 {[%emt 0:00:36]} 39. Qxb7 {[%emt 0:02:01]} Ra8 {[%emt 0:00:23]} 40. a4 {[%emt 0:01:51]} 1-0

[Event "GER-chT Youth Countries 2018"]
[Site "Wurzburg"]
[Date "2018.10.06"]
[Round "6"]
[White "Glinzner, Alva"]
[Black "Hetzner, Hannes"]
[Result "1-0"]
[WhiteElo "1787"]
[BlackElo "1855"]
[Annotator "NA RC"]
[PlyCount "119"]
[EventDate "2018.10.03"]
[EventType "team-tourn"]
[EventCountry "GER"]
[SourceTitle "playchess.com"]
[Source "ChessBase"]
[SourceQuality "1"]
[TimeControl "40/5400+30:1800+30"]

{[%evp 20,103,43,45,47,35,60,62,120,113,101,118,288,199,210,159,174,168,169,146,286,312,332,281,415,391,405,187,206,170,269,265,282,4,138,-197,211,-140,-256,32767,512,32767,555,32767,32767,32767,32767,617,579,581,571,511,930,947,2226,32767,32767,32767,32767,1757,1815,32767,5243,704,646,32767,32767,32767,32767,860,32767,32767,32767,32767,32767,32767,32767,32767,705,815,730,897,742,29967,5531,12249]} 1. e4 {[%emt 0:00:00]} e6 {[%emt 0:00:00]} 2. d4 {[%emt 0:00:00]} d5 {[%emt 0:00:00]} 3. Nd2 {[%emt 0:00:04]} Nf6 {[%emt 0:00:00]} 4. e5 {[%emt 0:00:19]} Nfd7 {[%emt 0:00:00]} 5. f4 {[%emt 0:00:12]} c5 {[%emt 0:00:05]} 6. c3 {[%emt 0:00:07]} Nc6 {[%emt 0:00:07]} 7. Ndf3 {[%emt 0:00:15]} Qb6 {[%emt 0:00:11]} 8. g3 {[%emt 0:00:23]} Be7 {[%emt 0:00:34]} 9. Kf2 {[%emt 0:01:37] C05: French Tarrasch: 3...Nf6 4 e5 Nfd7, 5 f4 and 5 Bd3 sidelines} (9. Ne2 a5 10. a3 a4 11. f5 Na5 12. Nf4 Nb3 13. Rb1 cxd4 14. cxd4 Nb8 15. Be3 Nc6 16. fxe6 Bxe6 17. Bd3 {0-1 (31) Anton Guijarro,D (2627)-Kovalenko,I (2668) Almaty 2016}) 9... f6 {[%emt 0:03:02]} 10. Kg2 {[%emt 0:00:44]} O-O {[%emt 0:04:51]} 11. Bd3 {[%emt 0:01:12]} cxd4 {[%emt 0:14:26]} 12. cxd4 {[%emt 0:00:14] LiveBook: 11 Games} fxe5 {[%emt 0:10:34]} 13. fxe5 {[%emt 0:02:52]} Nxd4 {[%emt 0:09:02]} ({Black should play} 13... Rf7 $14) 14. Nxd4 {[%emt 0:00:51]} Nxe5 {[%emt 0:03:07] [#]} 15. Bc2 $1 {[%emt 0:03:31]} Kh8 $2 $146 {[%emt 0:13:16]} (15... Bd7 $16 {was called for.}) ({Predecessor:} 15... Bc5 16. Ngf3 Bd7 {0-1 (31) Jasny,S (2385)-Hjelmaas,L (2282) Olomouc 2014}) 16. Ngf3 {[%emt 0:10:26]} ({But not} 16. Qh5 $6 g6 $18) 16... Nxf3 {[%emt 0:04:53]} 17. Nxf3 {[%emt 0:00:18]} e5 {[%emt 0:06:24]} 18. Qxd5 {[%emt 0:05:23]} Bg4 {[%emt 0:05:22]} 19. Be4 {[%emt 0:07:29]} Qa6 {[%emt 0:03:58]} 20. Re1 {[%emt 0:14:16]} Bb4 {[%emt 0:04:44]} 21. Re3 {[%emt 0:00:32]} ({Schlechter ist} 21. Qxb7 Qxb7 22. Bxb7 Rab8 $11) 21... Rf6 $2 {[%emt 0:11:29]} (21... Rac8) 22. Bd3 {[%emt 0:10:26]} Qb6 {[%emt 0:01:17]} 23. Be2 {[%emt 0:10:18]} (23. Nxe5 $142 Be6 24. Qe4) 23... Raf8 {[%emt 0:00:54]} 24. Qe4 {[%emt 0:09:34]} ({Und nicht} 24. Qxe5 Qc6 $11) ({Viel schwächer ist} 24. Kh1 $6 Rxf3 25. Bxf3 Qxe3 $11) 24... Bc5 {[%emt 0:01:34] [#]} (24... Bf5 {might work better.} 25. Qxe5 Bd7) 25. Rb3 $1 {[%emt 0:00:34]} ({Not} 25. Nxe5 $2 Rf2+ 26. Kh1 Rxe2 $19) ({Avoid the trap} 25. Qxe5 $2 Re6 $19) 25... Qe6 {[%emt 0:00:28]} 26. Bd2 $2 {[%emt 0:11:02]} (26. Be3 $18 Bxe3 27. Rxe3) 26... Bf5 {[%emt 0:00:52]} (26... b6 $1 $11 {remains equal.}) 27. Qxb7 $2 {[%emt 0:04:30] [#]} (27. Qxe5 $16 Qxe5 28. Nxe5) 27... Bh3+ $1 {[%emt 0:00:57]} 28. Kh1 {[%emt 0:00:12] [#]} e4 $1 {[%emt 0:00:41]} 29. Ng5 {[%emt 0:01:09]} Qf5 $4 {[%emt 0:00:59]} (29... Bg2+ $1 $19 {und Schwarz kann entspannen.} 30. Kxg2 Rf2+ 31. Kh1 Rxh2+ 32. Kxh2 Qh6+ 33. Nh3 Rf2+ 34. Kg1 Qxh3 35. Qb8+ Rf8+ 36. Be3 Bxe3+ 37. Rxe3 Rxb8) 30. Bf4 {[%emt 0:01:30]} h6 {[%emt 0:00:39]} 31. Nxh3 {[%emt 0:01:54]} Qxh3 {[%emt 0:00:13]} 32. Qxe4 {[%emt 0:00:10]} Re6 {[%emt 0:00:23]} 33. Qc4 {[%emt 0:01:42]} Rfe8 {[%emt 0:00:27]} 34. Bf1 {[%emt 0:01:24]} ({Less strong is} 34. Qxc5 Rxe2 35. Qg1 Qe6 $16) 34... Qh5 {[%emt 0:00:19]} 35. Bd2 {[%emt 0:00:47]} Re2 {[%emt 0:00:15]} (35... Re4 $142) 36. Bxe2 {[%emt 0:00:38]} Rxe2 {[%emt 0:00:05]} 37. Rb8+ {[%emt 0:00:21]} Kh7 {[%emt 0:00:11]} 38. Qd3+ {[%emt 0:00:23]} g6 {[%emt 0:00:18]} 39. Rb7+ {[%emt 0:00:34]} Be7 {[%emt 0:00:11]} 40. h4 {[%emt 0:01:08]} Qg4 {[%emt 0:01:08]} 41. Rxe7+ {[%emt 0:02:16]} Rxe7 {[%emt 0:00:45]} 42. Re1 {[%emt 0:03:16]} Rf7 {[%emt 0:02:13]} 43. Kg2 {[%emt 0:02:35]} Qa4 {[%emt 0:01:05]} 44. h5 {[%emt 0:05:36]} Qc6+ {[%emt 0:03:18]} 45. Qe4 {[%emt 0:02:13]} Qxe4+ {[%emt 0:01:26]} 46. Rxe4 {[%emt 0:00:04]} gxh5 {[%emt 0:00:46]} 47. Re6 {[%emt 0:00:18]} Rd7 {[%emt 0:00:17]} 48. Rxh6+ {[%emt 0:01:14]} Kg7 {[%emt 0:00:17]} 49. Bf4 {[%emt 0:00:07]} Rb7 {[%emt 0:01:29]} 50. Kf3 {[%emt 0:02:28]} Rxb2 {[%emt 0:00:48]} 51. Be5+ {[%emt 0:00:12]} Kxh6 $18 {[%emt 0:00:07]} 52. Bxb2 {[%emt 0:00:02]} Kg5 {[%emt 0:00:27]} 53. Ke4 {[%emt 0:00:13]} h4 {[%emt 0:00:31]} 54. gxh4+ {[%emt 0:00:44]} Kxh4 {[%emt 0:00:11]} 55. a4 {[%emt 0:00:04]} Kg5 {[%emt 0:00:41]} 56. a5 {[%emt 0:00:32]} a6 {[%emt 0:02:25]} 57. Be5 {[%emt 0:01:53]} Kg6 {[%emt 0:00:10]} 58. Kd5 {[%emt 0:00:19]} Kf7 {[%emt 0:01:04]} 59. Kc6 {[%emt 0:01:03]} Ke7 {[%emt 0:00:39]} 60. Bc7 {[%emt 0:00:41]} 1-0

[Event "GER-chT Youth Countries 2018"]
[Site "Wurzburg"]
[Date "2018.10.06"]
[Round "6"]
[White "Weimert, Miriam"]
[Black "Kageler, Anton Paul"]
[Result "1-0"]
[WhiteElo "1776"]
[BlackElo "1459"]
[Annotator "NA RC"]
[PlyCount "67"]
[EventDate "2018.10.03"]
[EventType "team-tourn"]
[EventCountry "GER"]
[SourceTitle "playchess.com"]
[Source "ChessBase"]
[SourceQuality "1"]
[TimeControl "40/5400+30:1800+30"]

1. e4 {[%emt 0:00:00]} c5 {[%emt 0:00:00]} 2. Nc3 {[%emt 0:00:00]} Nc6 {[%emt 0:00:00]} 3. Bc4 {[%emt 0:00:06]} g6 {[%emt 0:00:23]} 4. d3 {[%emt 0:00:29]} Bg7 {[%emt 0:00:24]} 5. h4 {[%emt 0:00:48]} e6 {[%emt 0:01:46]} 6. h5 {[%emt 0:02:37]} Nge7 {[%emt 0:02:55]} 7. hxg6 {[%emt 0:03:06]} fxg6 {[%emt 0:03:17]} 8. a3 {[%emt 0:11:57]} a6 {[%emt 0:05:50]} 9. Bh6 {[%emt 0:14:01]} Bxh6 {[%emt 0:06:48]} 10. Rxh6 {[%emt 0:00:11]} b5 {[%emt 0:02:36]} 11. Ba2 {[%emt 0:03:25]} Bb7 {[%emt 0:03:39]} 12. Nf3 {[%emt 0:06:38]} Qb6 {[%emt 0:03:52]} 13. Ng5 {[%emt 0:08:43]} Ne5 {[%emt 0:13:04]} 14. f4 {[%emt 0:07:19]} c4 {[%emt 0:06:20]} 15. d4 {[%emt 0:10:16]} N5c6 {[%emt 0:02:12]} 16. Ne2 {[%emt 0:01:21]} Ng8 {[%emt 0:17:25]} 17. Rxh7 {[%emt 0:04:49]} Rxh7 {[%emt 0:00:17]} 18. Nxh7 {[%emt 0:00:01]} O-O-O {[%emt 0:00:46]} 19. Qd2 {[%emt 0:01:14]} Nce7 {[%emt 0:02:01]} 20. Ng5 {[%emt 0:01:18]} Nf6 {[%emt 0:02:16]} 21. Ng3 {[%emt 0:00:30]} d5 {[%emt 0:03:32]} 22. e5 {[%emt 0:01:38]} Ne4 {[%emt 0:00:54]} 23. N3xe4 {[%emt 0:00:34]} dxe4 {[%emt 0:00:15]} 24. O-O-O {[%emt 0:00:30]} Nf5 {[%emt 0:01:59]} 25. c3 {[%emt 0:00:10]} Kb8 {[%emt 0:04:20]} 26. Bb1 {[%emt 0:01:19]} e3 {[%emt 0:01:28]} 27. Qe2 {[%emt 0:01:06]} Nh4 {[%emt 0:02:15]} 28. g3 {[%emt 0:00:39]} Nf5 {[%emt 0:00:29]} 29. g4 {[%emt 0:01:04]} Nh4 {[%emt 0:02:28]} 30. Qxe3 {[%emt 0:00:57]} Ng2 {[%emt 0:00:19]} 31. Qg3 {[%emt 0:00:34]} Rf8 {[%emt 0:00:31]} 32. Rf1 {[%emt 0:00:28]} Qc7 {[%emt 0:03:01]} 33. Nxe6 {[%emt 0:00:39]} Nxf4 {[%emt 0:03:06]} 34. Rxf4 {[%emt 0:01:29]} 1-0

[Event "GER-chT Youth Countries 2018"]
[Site "Wurzburg"]
[Date "2018.10.06"]
[Round "6"]
[White "Butenandt, Svenja"]
[Black "Braeutigam, Katerina"]
[Result "1-0"]
[WhiteElo "1762"]
[BlackElo "1696"]
[Annotator "NA RC"]
[PlyCount "81"]
[EventDate "2018.10.03"]
[EventType "team-tourn"]
[EventCountry "GER"]
[SourceTitle "playchess.com"]
[Source "ChessBase"]
[SourceQuality "1"]
[TimeControl "40/5400+30:1800+30"]

1. d4 {[%emt 0:00:00]} Nf6 {[%emt 0:00:00]} 2. c4 {[%emt 0:00:00]} e6 {[%emt 0:00:00]} 3. Nf3 {[%emt 0:00:00]} b6 {[%emt 0:00:00]} 4. Bg5 {[%emt 0:00:37]} Bb7 {[%emt 0:00:21]} 5. e3 {[%emt 0:00:30]} Be7 {[%emt 0:01:19]} 6. Nc3 {[%emt 0:00:59]} Bb4 {[%emt 0:00:49]} 7. Be2 {[%emt 0:10:38]} h6 {[%emt 0:00:45]} 8. Bh4 {[%emt 0:01:15]} g5 {[%emt 0:02:41]} 9. Bg3 {[%emt 0:01:42]} Ne4 {[%emt 0:00:35]} 10. Qb3 {[%emt 0:03:17]} Bxc3+ {[%emt 0:03:24]} 11. bxc3 {[%emt 0:00:05]} f5 {[%emt 0:01:50]} 12. Be5 {[%emt 0:02:33]} Rg8 {[%emt 0:00:19]} 13. h3 {[%emt 0:06:50]} Nc6 {[%emt 0:02:18]} 14. Bh2 {[%emt 0:01:50]} d6 {[%emt 0:06:18]} 15. Qc2 {[%emt 0:08:48]} Na5 {[%emt 0:03:08]} 16. Rd1 {[%emt 0:06:31]} Qf6 {[%emt 0:09:21]} 17. O-O {[%emt 0:05:56]} h5 {[%emt 0:06:24]} 18. Nd2 {[%emt 0:05:28]} g4 {[%emt 0:01:26]} 19. hxg4 {[%emt 0:00:57]} hxg4 {[%emt 0:00:21]} 20. Qa4+ {[%emt 0:03:06]} Ke7 {[%emt 0:03:28]} 21. Nxe4 {[%emt 0:11:36]} Bxe4 {[%emt 0:01:45]} 22. f3 {[%emt 0:04:13]} Bc6 {[%emt 0:00:23]} 23. Qc2 {[%emt 0:02:12]} g3 {[%emt 0:00:11]} 24. d5 {[%emt 0:00:53]} gxh2+ {[%emt 0:00:16]} 25. Kh1 {[%emt 0:00:25]} Qg5 {[%emt 0:01:06]} 26. Rf2 {[%emt 0:00:39]} Qxe3 {[%emt 0:06:10]} 27. Rdf1 {[%emt 0:00:25]} Bd7 {[%emt 0:02:54]} 28. Bd3 {[%emt 0:01:20]} Qg5 {[%emt 0:04:49]} 29. Re2 {[%emt 0:01:43]} Raf8 {[%emt 0:00:28]} 30. dxe6 {[%emt 0:03:35]} Bxe6 {[%emt 0:00:18]} 31. Rfe1 {[%emt 0:00:50]} Rg6 {[%emt 0:06:09]} 32. Re3 {[%emt 0:05:38]} Kd7 {[%emt 0:02:33]} 33. Qe2 {[%emt 0:02:19]} Bf7 {[%emt 0:07:05]} 34. g4 {[%emt 0:02:41]} Kd8 {[%emt 0:10:07]} 35. Bxf5 {[%emt 0:00:13]} Rgg8 {[%emt 0:02:38]} 36. Re7 {[%emt 0:00:43]} Bxc4 {[%emt 0:07:05]} 37. Qe4 {[%emt 0:02:33]} d5 {[%emt 0:08:43]} 38. Qe6 {[%emt 0:00:45]} Qxf5 {[%emt 0:00:45]} 39. gxf5 {[%emt 0:01:01]} Bb5 {[%emt 0:00:39]} 40. Qxd5+ {[%emt 0:00:25]} Bd7 {[%emt 0:00:19]} 41. Qxd7# {[%emt 0:30:13]} 1-0